| 000 | 00505nam a2200193Ia 4500 | ||
|---|---|---|---|
| 005 | 20260429112219.0 | ||
| 008 | 260429s9999||||xx |||||||||||||| ||und|| | ||
| 020 | _a9788197468209 | ||
| 041 | _aEnglish | ||
| 082 |
_a507 _bSRI |
||
| 100 | _aSrivastava, Poonam | ||
| 245 | 0 |
_aFoundations of science education / _cPoonam Srivastava |
|
| 250 | _a1st ed. | ||
| 260 |
_aNew Delhi : _bKanishka Publishers, _c2024. |
||
| 300 | _axi, 188 p.; hb | ||
| 650 | _a Education | ||
| 650 | _aScience | ||
| 942 | _cTB | ||
| 999 |
_c52931 _d52931 |
||